| 000 | 00621nam a22002057a 4500 | ||
|---|---|---|---|
| 999 |
_c11297 _d11297 |
||
| 003 | AR-CdUCM | ||
| 008 | 190403b ||||| |||| 00| 0 spa d | ||
| 040 |
_aMUNICIPALIDAD PROVINCIAL DEL CUSCO _cBIBLIOTECA MUNICIPAL DEL CUSCO |
||
| 082 |
_a869.56 / _bT25P / 1948 |
||
| 100 |
_aTauro, Alberto _911692 |
||
| 245 | _aPoesía de la Historia del Perú / | ||
| 260 |
_aLima : _bEdiciones Hora del Hombre, _c1948. |
||
| 300 |
_a211 páginas ; _c19 cm. |
||
| 505 | _aContenido: Poesías. | ||
| 650 |
_aLiteratura Peruana _9132 |
||
| 650 |
_aPoasía _928602 |
||
| 650 |
_aSiglo XX _98 |
||
| 942 |
_2ddc _cLIBROS |
||
| 945 | _aachl | ||